[Event "26. Erfurter Schachfestival 2016 - ST"]
[Site "Erfurt"]
[Date "2016.12.28"]
[Round "3.3"]
[White "Albrecht, Ulrich"]
[Black "Waltenberger, Udo"]
[Result "1/2-1/2"]
[WhiteElo "2095"]
[BlackElo "2037"]
[PlyCount "84"]
[EventDate "2016.12.26"]
[EventCountry "GER"]

1. d4 Nf6 2. Nf3 g6 3. b3 c5 4. e3 Bg7 5. Bb2 O-O 6. c4 cxd4 7. Nxd4 Nc6 8. Nc3
d5 9. Nxd5 Nxd5 10. Nxc6 bxc6 11. Bxg7 Kxg7 12. cxd5 Qa5+ 13. Qd2 Qxd2+ 14.
Kxd2 Rd8 15. Be2 Be6 16. Kc3 Bxd5 17. f3 f5 18. Bd3 e5 19. Rhe1 Kf6 20. e4 Be6
21. exf5 gxf5 22. Re2 Rd4 23. Rae1 Rad8 24. Ba6 R8d5 25. Bc4 Rc5 26. Kb4 Bxc4
27. Kxc5 Bxe2 28. Rxe2 Rh4 29. h3 e4 30. fxe4 fxe4 31. Kd4 Rf4 32. Ke3 Ke5 33.
Rc2 Rf1 34. Rc5+ Kd6 35. Ra5 Re1+ 36. Kf2 Rc1 37. Rxa7 Ke5 38. Rxh7 Rc2+ 39.
Ke3 Rc3+ 40. Kd2 Rg3 41. Re7+ Kd5 42. Rd7+ Ke5 1/2-1/2

[Event "26. Erfurter Schachfestival 2016 - ST"]
[Site "Erfurt"]
[Date "2016.12.28"]
[Round "3.4"]
[White "Haag, Günter"]
[Black "Haase, Reinhard"]
[Result "1/2-1/2"]
[WhiteElo "1991"]
[BlackElo "2085"]
[PlyCount "23"]
[EventDate "2016.12.26"]
[EventCountry "GER"]

1. e4 d5 2. exd5 Nf6 3. Nc3 Nxd5 4. Bc4 Nb6 5. Bb3 Nc6 6. Nf3 Bf5 7. O-O e6 8.
d3 Be7 9. Ne4 O-O 10. Be3 Na5 11. Qe1 Nxb3 12. axb3 1/2-1/2

[Event "26. Erfurter Schachfestival 2016 - ST"]
[Site "Erfurt"]
[Date "2016.12.28"]
[Round "3.5"]
[White "Prachar, Josef"]
[Black "Wahl, Frithjof"]
[Result "1/2-1/2"]
[WhiteElo "1918"]
[BlackElo "1962"]
[PlyCount "29"]
[EventDate "2016.12.26"]
[EventCountry "GER"]

1. d4 g6 2. e4 Bg7 3. Nc3 d6 4. f4 c5 5. Be3 cxd4 6. Bxd4 Nf6 7. Nf3 Nc6 8. Bb5
O-O 9. Bxc6 bxc6 10. e5 Nh5 11. Qd2 Bh6 12. Ne2 f6 13. exd6 exd6 14. O-O Re8
15. g3 1/2-1/2

[Event "26. Erfurter Schachfestival 2016 - ST"]
[Site "Erfurt"]
[Date "2016.12.28"]
[Round "3.6"]
[White "Weidlich, Günter"]
[Black "Jaeger, Andre"]
[Result "1/2-1/2"]
[WhiteElo "2219"]
[BlackElo "1945"]
[PlyCount "35"]
[EventDate "2016.12.26"]
[EventCountry "GER"]

1. Nf3 Nf6 2. g3 g6 3. d4 Bg7 4. c4 d6 5. Nc3 Bf5 6. Bg2 Ne4 7. Nh4 Nxc3 8.
bxc3 Bc8 9. O-O O-O 10. f4 f5 11. Qb3 c6 12. c5+ d5 13. e4 e6 14. e5 Rf7 15.
Rb1 b6 16. cxb6 Rb7 17. Ba3 axb6 18. Bd6 1/2-1/2

[Event "26. Erfurter Schachfestival 2016 - ST"]
[Site "Erfurt"]
[Date "2016.12.28"]
[Round "3.7"]
[White "Kuhn, Gerd"]
[Black "Loose, Helmut"]
[Result "1-0"]
[WhiteElo "2117"]
[BlackElo "1812"]
[PlyCount "93"]
[EventDate "2016.12.26"]
[EventCountry "GER"]

1. d4 Nf6 2. c4 e6 3. Nf3 d5 4. Nc3 Bb4 5. Qb3 Be7 6. Bf4 c6 7. e3 O-O 8. h3
Nbd7 9. cxd5 exd5 10. Bd3 Re8 11. O-O Bf8 12. Qc2 g6 13. Rfb1 a6 14. b4 b5 15.
a4 Bb7 16. a5 Nh5 17. Bh2 Ng7 18. g4 Qf6 19. Be2 Bd6 20. Bxd6 Qxd6 21. Kg2 Re7
22. Bd3 Rae8 23. Ne2 Ne6 24. Ng3 Nef8 25. Qc3 Nf6 26. Rh1 Ne4 27. Bxe4 dxe4 28.
Nd2 Qd5 29. Rac1 f5 30. gxf5 gxf5 31. Nh5 Qf7 32. Nf4 Ne6 33. Nxe6 Rxe6 34.
Rhg1 Rg6+ 35. Kh1 Ree6 36. Nb3 f4 37. Nc5 fxe3 38. Qxe3 Rxg1+ 39. Rxg1+ Rg6 40.
Rxg6+ hxg6 41. Qb3 Qxb3 42. Nxb3 Bc8 43. Kg2 Kf7 44. Nc5 Ke7 45. Nxe4 Ke6 46.
Nc3 Kd6 47. Kg3 1-0

[Event "26. Erfurter Schachfestival 2016 - ST"]
[Site "Erfurt"]
[Date "2016.12.28"]
[Round "3.8"]
[White "Muuss, Klaus"]
[Black "Töpfer, Roland"]
[Result "1/2-1/2"]
[WhiteElo "2084"]
[BlackElo "1806"]
[PlyCount "94"]
[EventDate "2016.12.26"]
[EventCountry "GER"]

1. e4 c5 2. Nf3 d6 3. d4 cxd4 4. Nxd4 Nf6 5. Nc3 a6 6. Bg5 Nbd7 7. f4 h6 8. Bh4
Qc7 9. Qf3 e6 10. O-O-O Be7 11. Bd3 Nc5 12. Rhe1 Nfxe4 13. Bxe4 Bxh4 14. g3 Bf6
15. f5 O-O 16. fxe6 fxe6 17. Qh5 Bd7 18. Kb1 Nxe4 19. Nxe4 d5 20. Nxf6+ Rxf6
21. c3 Re8 22. Rf1 Ref8 23. Rxf6 Rxf6 24. Re1 Qd6 25. Qe2 Kf7 26. Qh5+ Kg8 27.
Qe2 Kf7 28. Qe3 e5 29. Qxe5 Qxe5 30. Rxe5 Rf1+ 31. Kc2 Rf2+ 32. Re2 Rxe2+ 33.
Nxe2 Kf6 34. Kd2 g5 35. Ke3 Ke5 36. Nd4 Bg4 37. b4 Bd1 38. a3 h5 39. b5 axb5
40. Nxb5 Ba4 41. Nd4 Bd1 42. Kd3 h4 43. Kd2 Bg4 44. a4 Ke4 45. a5 hxg3 46. hxg3
Bd7 47. Ke2 g4 1/2-1/2

[Event "26. Erfurter Schachfestival 2016 - ST"]
[Site "Erfurt"]
[Date "2016.12.28"]
[Round "3.9"]
[White "Duchrow, Fred"]
[Black "Wünsch, Ulrich"]
[Result "0-1"]
[WhiteElo "1739"]
[BlackElo "2045"]
[PlyCount "80"]
[EventDate "2016.12.26"]
[EventCountry "GER"]

1. e4 c5 2. Nf3 Nc6 3. d4 cxd4 4. Nxd4 g6 5. Be3 Bg7 6. c3 Nf6 7. Nd2 O-O 8. f4
d6 9. Be2 Bd7 10. O-O a6 11. N4f3 Ng4 12. Bf2 Nxf2 13. Rxf2 b5 14. a3 Qb6 15.
Qf1 Rab8 16. Kh1 a5 17. f5 b4 18. Nc4 Qc5 19. axb4 axb4 20. cxb4 Rxb4 21. Rc1
Qa7 22. Bd3 Nd4 23. Ra1 Qb8 24. Nxd4 Bxd4 25. Rf3 Kg7 26. h3 g5 27. Qe1 f6 28.
Ne3 Bxe3 29. Rxe3 Rxb2 30. Rb1 Rc8 31. Ra1 Qb6 32. Qg3 Qd4 33. Rae1 Rc3 34. Rf3
Bc6 35. h4 h6 36. hxg5 hxg5 37. Qh3 Rb8 38. Qg4 Rxd3 39. Rxd3 Qxd3 40. Kg1 Qd4+
0-1

[Event "26. Erfurter Schachfestival 2016 - ST"]
[Site "Erfurt"]
[Date "2016.12.28"]
[Round "3.10"]
[White "Kolodny, Leonid"]
[Black "Hülle, Gunter"]
[Result "1/2-1/2"]
[WhiteElo "1960"]
[BlackElo "1757"]
[PlyCount "28"]
[EventDate "2016.12.26"]
[EventCountry "GER"]

1. d4 Nf6 2. c4 g6 3. Nc3 Bg7 4. Nf3 O-O 5. e4 d6 6. Be2 e5 7. O-O c6 8. h3 Qc7
9. Be3 exd4 10. Nxd4 Re8 11. Qc2 Qe7 12. Bd3 Na6 13. a3 Nc5 14. f3 Nxd3 1/2-1/2

[Event "26. Erfurter Schachfestival 2016 - ST"]
[Site "Erfurt"]
[Date "2016.12.29"]
[Round "4.1"]
[White "Pähtz, Thomas"]
[Black "Hüttemann, Karl-Heinz"]
[Result "1-0"]
[WhiteElo "2365"]
[BlackElo "2217"]
[PlyCount "57"]
[EventDate "2016.12.26"]
[EventCountry "GER"]

1. e4 c5 2. Nf3 Nf6 3. e5 Nd5 4. Nc3 e6 5. g3 Nxc3 6. dxc3 d5 7. Bg2 Be7 8. O-O
b6 9. Re1 Bb7 10. h4 h6 11. h5 Na6 12. Nh2 O-O 13. Ng4 Bg5 14. f4 Be7 15. f5
exf5 16. Ne3 Bg5 17. Nxf5 Rb8 18. Qg4 Bc8 19. Bxg5 Bxf5 20. Qxf5 Qxg5 21. Qxg5
hxg5 22. Bxd5 Nc7 23. Bc6 Rfc8 24. Rad1 Kf8 25. Kf2 Ke7 26. Kf3 Rd8 27. Rxd8
Kxd8 28. Kg4 Ne6 29. Bd5 1-0

[Event "26. Erfurter Schachfestival 2016 - ST"]
[Site "Erfurt"]
[Date "2016.12.29"]
[Round "4.2"]
[White "Waltenberger, Udo"]
[Black "Werner, Bernd-Michael"]
[Result "1/2-1/2"]
[WhiteElo "2037"]
[BlackElo "2043"]
[PlyCount "74"]
[EventDate "2016.12.26"]
[EventCountry "GER"]

1. g3 g6 2. Bg2 Bg7 3. c4 e5 4. Nc3 d6 5. Rb1 Ne7 6. e3 c6 7. Nge2 Be6 8. b3 d5
9. d3 O-O 10. O-O Na6 11. Ba3 Re8 12. Qc1 Rc8 13. Rd1 f5 14. d4 e4 15. b4 Nc7
16. b5 dxc4 17. bxc6 bxc6 18. Bc5 Ned5 19. Bxa7 g5 20. a4 Na6 21. Nxd5 cxd5 22.
Rb6 Nc7 23. Rb7 Na6 24. Qc3 Re7 25. Bb6 Qe8 26. Rxe7 Qxe7 27. Qa5 Qb7 28. Nc3
f4 29. Rb1 f3 30. Bf1 Qa8 31. Rb5 Rb8 32. Ba7 Qxa7 33. Rxb8+ Qxb8 34. Qxa6 Kf7
35. Qa5 Qb7 36. Qd8 Bf6 37. Qd6 Be7 1/2-1/2

[Event "26. Erfurter Schachfestival 2016 - ST"]
[Site "Erfurt"]
[Date "2016.12.29"]
[Round "4.3"]
[White "Wahl, Frithjof"]
[Black "Kuhn, Gerd"]
[Result "1-0"]
[WhiteElo "1962"]
[BlackElo "2117"]
[PlyCount "81"]
[EventDate "2016.12.26"]
[EventCountry "GER"]

1. e4 d5 2. exd5 Nf6 3. Nc3 Nxd5 4. Bc4 e6 5. Nf3 Be7 6. O-O O-O 7. d4 Nxc3 8.
bxc3 b6 9. Ne5 Bb7 10. Qg4 Kh8 11. f4 g6 12. Qh3 Qe8 13. Be3 Be4 14. Rf2 c6 15.
Re2 b5 16. Bd3 Bxd3 17. cxd3 Bf6 18. Qf3 a5 19. Rb2 Ra6 20. a4 Be7 21. axb5
cxb5 22. Qb7 f6 23. Nf3 Bd6 24. Qxb5 Qxb5 25. Rxb5 Rc8 26. Bd2 a4 27. c4 Nc6
28. Kf1 Nd8 29. g3 Kg7 30. Bc3 Kf7 31. Nd2 Be7 32. Ke2 a3 33. c5 Rca8 34. Ra2
Nc6 35. Nc4 Bd8 36. Ke3 Ne7 37. Rb7 Kf8 38. Kd2 h5 39. Rb3 Nc6 40. Raxa3 Rxa3
41. Rxa3 1-0

[Event "26. Erfurter Schachfestival 2016 - ST"]
[Site "Erfurt"]
[Date "2016.12.29"]
[Round "4.4"]
[White "Jaeger, Andre"]
[Black "Rüther, Rudolf"]
[Result "1/2-1/2"]
[WhiteElo "1945"]
[BlackElo "2109"]
[PlyCount "75"]
[EventDate "2016.12.26"]
[EventCountry "GER"]

1. d4 Nf6 2. c4 g6 3. g3 Bg7 4. Bg2 O-O 5. Nc3 d6 6. Nf3 Nbd7 7. O-O e5 8. e4
c6 9. h3 Re8 10. Qc2 exd4 11. Nxd4 Nc5 12. Be3 Qe7 13. Rfe1 a5 14. Rad1 Nfd7
15. b3 Nf8 16. Qd2 Nfe6 17. Nde2 Bf8 18. f4 Ng7 19. Bf2 Qc7 20. g4 f5 21. gxf5
gxf5 22. Ng3 Qf7 23. Re2 Be6 24. Rde1 Rad8 25. Bd4 Bd7 26. Kh2 b6 27. Bxg7 Bxg7
28. exf5 Rxe2 29. Rxe2 Qf6 30. Nce4 Nxe4 31. Nxe4 Qxf5 32. Nxd6 Qf8 33. Nb7 Re8
34. Rxe8 Bxe8 35. Nd6 Bh6 36. Kg3 Qg7+ 37. Kh2 Qf8 38. Kg3 1/2-1/2

[Event "26. Erfurter Schachfestival 2016 - ST"]
[Site "Erfurt"]
[Date "2016.12.29"]
[Round "4.5"]
[White "Hauke, Hans"]
[Black "Albrecht, Ulrich"]
[Result "0-1"]
[WhiteElo "1683"]
[BlackElo "2095"]
[PlyCount "47"]
[EventDate "2016.12.26"]
[EventCountry "GER"]

1. e4 e6 2. d4 b6 3. Nc3 Bb7 4. f4 Bb4 5. Bd3 Nf6 6. Qe2 c5 7. Nf3 c4 8. Bxc4
Nxe4 9. Bd2 Nxd2 10. Kxd2 Qc7 11. Ne5 Nc6 12. Bb5 O-O 13. Bxc6 dxc6 14. a3 Be7
15. Rad1 b5 16. Ne4 c5 17. Kc1 f6 18. Ng5 fxg5 19. fxg5 Bxg5+ 20. Kb1 Bf6 21.
Qg4 Bd5 22. Nf3 cxd4 23. Nxd4 Bxd4 24. Qxd4 0-1

[Event "26. Erfurter Schachfestival 2016 - ST"]
[Site "Erfurt"]
[Date "2016.12.29"]
[Round "4.6"]
[White "Haase, Reinhard"]
[Black "Hölting, Siegfried"]
[Result "1-0"]
[WhiteElo "2085"]
[BlackElo "1910"]
[PlyCount "81"]
[EventDate "2016.12.26"]
[EventCountry "GER"]

1. d4 Nf6 2. c4 e6 3. Nc3 d5 4. cxd5 exd5 5. Bg5 Be7 6. e3 h6 7. Bxf6 Bxf6 8.
Bd3 c6 9. Qc2 Be6 10. Nge2 Nd7 11. O-O Nb6 12. b4 O-O 13. b5 Rc8 14. bxc6 Rxc6
15. Qb3 a6 16. Rfc1 Qd6 17. Rab1 Rfc8 18. Na4 Nxa4 19. Qxa4 Rxc1+ 20. Rxc1
Rxc1+ 21. Nxc1 Bd7 22. Qc2 Qc6 23. Ne2 Qxc2 24. Bxc2 Bb5 25. Nf4 Bc4 26. Bb3
Kf8 27. Nxd5 Bxd5 28. Bxd5 b6 29. f4 Bd8 30. Kf2 f6 31. e4 b5 32. Ke3 b4 33. e5
Ke7 34. Bb3 Bc7 35. Ke4 g5 36. d5 fxe5 37. fxe5 Bd8 38. g4 Bb6 39. d6+ Kd7 40.
Kd5 Bd8 41. Ba4+ 1-0

[Event "26. Erfurter Schachfestival 2016 - ST"]
[Site "Erfurt"]
[Date "2016.12.29"]
[Round "4.7"]
[White "Wünsch, Ulrich"]
[Black "Prachar, Josef"]
[Result "1-0"]
[WhiteElo "2045"]
[BlackElo "1918"]
[PlyCount "57"]
[EventDate "2016.12.26"]
[EventCountry "GER"]

1. c4 g6 2. g3 Bg7 3. Bg2 e5 4. Nc3 d6 5. e3 f5 6. Nge2 c6 7. O-O Nf6 8. d3 O-O
9. e4 Be6 10. b3 Na6 11. Bb2 Qd7 12. d4 Nxe4 13. Nxe4 fxe4 14. Bxe4 d5 15. cxd5
cxd5 16. Bg2 e4 17. Nf4 Rxf4 18. gxf4 Nb4 19. Bc1 Nd3 20. Be3 Rf8 21. Qd2 Qd6
22. f3 exf3 23. Rxf3 Bf5 24. a3 Qb6 25. Qc3 Be4 26. Rff1 Nxf4 27. Rxf4 Rxf4 28.
Rf1 Rg4 29. Qc8+ 1-0

[Event "26. Erfurter Schachfestival 2016 - ST"]
[Site "Erfurt"]
[Date "2016.12.29"]
[Round "4.8"]
[White "Schulz, Uwe"]
[Black "Haag, Günter"]
[Result "1/2-1/2"]
[WhiteElo "1842"]
[BlackElo "1991"]
[PlyCount "39"]
[EventDate "2016.12.26"]
[EventCountry "GER"]

1. d4 d6 2. c4 e5 3. dxe5 dxe5 4. Qxd8+ Kxd8 5. Nc3 c6 6. Bd2 Be6 7. e3 Nd7 8.
Nf3 f6 9. Be2 Nh6 10. O-O Ke8 11. Rfd1 Nb6 12. b3 Rd8 13. Be1 Nf7 14. Rxd8+
Kxd8 15. Rd1+ Kc7 16. Ne4 Nc8 17. Bc3 Be7 18. h3 Rg8 19. Ng3 g6 20. Rd2 1/2-1/2

[Event "26. Erfurter Schachfestival 2016 - ST"]
[Site "Erfurt"]
[Date "2016.12.29"]
[Round "4.9"]
[White "Just, Gabriele"]
[Black "Weidlich, Günter"]
[Result "0-1"]
[WhiteElo "1921"]
[BlackElo "2219"]
[PlyCount "82"]
[EventDate "2016.12.26"]
[EventCountry "GER"]

1. d4 g6 2. Nf3 Bg7 3. Bg5 Nf6 4. Nbd2 O-O 5. e3 d6 6. Bd3 Nc6 7. c3 Qe8 8.
Bxf6 Bxf6 9. d5 Nb8 10. Qe2 e5 11. dxe6 Bxe6 12. a4 Qe7 13. O-O a6 14. Rfd1 Re8
15. Nd4 Bc8 16. Nf1 Nd7 17. Qc2 Bg7 18. b4 c5 19. bxc5 dxc5 20. Nf3 b6 21. N1d2
Bb7 22. Rab1 Bc6 23. Be2 Reb8 24. Nc4 Be4 25. Bd3 Bd5 26. Be2 Be6 27. Nd6 Qf6
28. Rbc1 Rd8 29. Ne4 Qe7 30. Nd6 Nf6 31. Nc4 Qc7 32. Qb2 Rxd1+ 33. Rxd1 Rb8 34.
Rc1 Bd7 35. Qa3 Be8 36. Ncd2 b5 37. h3 Qb6 38. axb5 axb5 39. Nb3 Ne4 40. Nbd2
Nxc3 41. Rxc3 b4 0-1

[Event "26. Erfurter Schachfestival 2016 - ST"]
[Site "Erfurt"]
[Date "2016.12.29"]
[Round "4.10"]
[White "Hülle, Gunter"]
[Black "Muuss, Klaus"]
[Result "0-1"]
[WhiteElo "1757"]
[BlackElo "2084"]
[PlyCount "64"]
[EventDate "2016.12.26"]
[EventCountry "GER"]

1. b4 e6 2. Bb2 Nf6 3. b5 d5 4. e3 c5 5. c4 Nbd7 6. a4 a5 7. Nf3 Bd6 8. Be2 O-O
9. O-O b6 10. d4 Qc7 11. Nbd2 Bb7 12. g3 Rac8 13. Rc1 Ne4 14. cxd5 Bxd5 15.
Nxe4 Bxe4 16. Nd2 Bg6 17. Nc4 Be7 18. dxc5 Bxc5 19. Bf3 Qd8 20. Nd6 Bxd6 21.
Qxd6 Nc5 22. Qe5 f6 23. Qf4 Nd3 24. Rxc8 Qxc8 25. Qd4 Rd8 26. Qc3 Nxb2 27. Qxb2
Qc4 28. Rd1 Rxd1+ 29. Bxd1 Kf7 30. Bb3 Qb4 31. f3 Qe1+ 32. Kg2 Qxe3 0-1

[Event "26. Erfurter Schachfestival 2016 - AT"]
[Site "Erfurt"]
[Date "2016.12.27"]
[Round "2.3"]
[White "Keller, Franz"]
[Black "Günkel, Ottfried"]
[Result "1-0"]
[WhiteElo "1531"]
[BlackElo "1496"]
[PlyCount "87"]
[EventDate "2016.12.27"]
[EventCountry "GER"]

1. c4 c5 2. g3 Nf6 3. Bg2 Nc6 4. Nc3 e6 5. e3 Be7 6. Nge2 O-O 7. O-O d5 8. cxd5
Nxd5 9. d4 cxd4 10. Nxd5 exd5 11. Nxd4 Nxd4 12. Qxd4 Be6 13. Rd1 Bf6 14. Qd3
Qb6 15. Rb1 Rac8 16. Bxd5 Bxd5 17. Qxd5 Rc2 18. Rd2 Rd8 19. Qxd8+ Bxd8 20. Rxc2
h6 21. Bd2 Bf6 22. Bc3 Qc6 23. Rbc1 Qe6 24. a3 Bd8 25. Bd4 Bb6 26. Bxb6 Qxb6
27. Rc8+ Kh7 28. R1c2 Qb3 29. R8c7 f6 30. R7c3 Qd5 31. b4 b6 32. Rc4 Qd1+ 33.
Kg2 Qd5+ 34. f3 Qd3 35. R4c3 Qd1 36. e4 h5 37. Rf2 Qa1 38. Re3 Qd4 39. Rfe2 g5
40. e5 f5 41. e6 Qd8 42. e7 Qe8 43. Re5 Kg6 44. Rd5 1-0

[Event "26. Erfurter Schachfestival 2016 - AT"]
[Site "Erfurt"]
[Date "2016.12.29"]
[Round "5.1"]
[White "Keller, Franz"]
[Black "Schmidt, Alexandra"]
[Result "1/2-1/2"]
[WhiteElo "1531"]
[BlackElo "1543"]
[PlyCount "31"]
[EventDate "2016.12.27"]
[EventCountry "GER"]

1. c4 c6 2. Nc3 d5 3. cxd5 cxd5 4. d4 Nf6 5. Bf4 Nc6 6. Nf3 Bf5 7. a3 e6 8. Nh4
Bg6 9. Nxg6 hxg6 10. h3 a6 11. e3 Bd6 12. Bxd6 Qxd6 13. Bd3 O-O 14. O-O Rac8
15. Rc1 b5 16. b4 1/2-1/2

[Event "26. Erfurter Schachfestival 2016 - AT"]
[Site "Erfurt"]
[Date "2016.12.29"]
[Round "6.2"]
[White "Schmidt, Alexandra"]
[Black "Hornung, Richard"]
[Result "1-0"]
[WhiteElo "1543"]
[BlackElo "1669"]
[PlyCount "30"]
[EventDate "2016.12.27"]
[EventCountry "GER"]

1. e4 c6 2. Nc3 d5 3. Nf3 Bg4 4. exd5 cxd5 5. h3 Bh5 6. g4 Bg6 7. h4 h5 8. Ne5
a6 9. Nxg6 fxg6 10. Bg2 e5 11. Qe2 Kd7 12. g5 Nc6 13. O-O Nge7 14. Re1 Nd4 15.
Qd3 Nef5 1-0